Political parties in French-speaking West Africa / (Record no. 42397)
[ view plain ]
| 000 -LEADER | |
|---|---|
| fixed length control field | 00809nam a2200241 a 4500 |
| 001 - CONTROL NUMBER | |
| control field | 42397 |
| 003 - CONTROL NUMBER IDENTIFIER | |
| rucl marc code | BD-RjUL |
| 005 - DATE AND TIME OF LATEST TRANSACTION | |
| control field | 20211209053533.0 |
| 008 - FIXED-LENGTH DATA ELEMENTS--GENERAL INFORMATION | |
| fixed length control field | 160611s1964 enkab 000 0 eng d |
| 035 ## - SYSTEM CONTROL NUMBER | |
| System control number | (BD-RjUL)42515 |
| System control number | 2410870 |
| 040 ## - CATALOGING SOURCE | |
| Original cataloging agency | NUN |
| Language of cataloging | eng |
| Transcribing agency | NUN |
| Modifying agency | BD-RjU |
| 041 ## - LANGUAGE CODE | |
| Language code of text/sound track or separate title | eng |
| 082 04 - DEWEY DECIMAL CLASSIFICATION NUMBER | |
| Classification number | 320.966 |
| Edition number | 21 |
| Author mark and year | MOP 1964 |
| 100 1# - MAIN ENTRY--PERSONAL NAME | |
| Personal name | Morgenthau, Ruth Schachter |
| 9 (RLIN) | 130408 |
| 245 10 - TITLE STATEMENT | |
| Title | Political parties in French-speaking West Africa / |
| Statement of responsibility, etc. | Ruth Schachter Morgenthau, |
| 260 ## - PUBLICATION, DISTRIBUTION, ETC. (IMPRINT) | |
| Place of publication, distribution, etc. | Oxford : |
| Name of publisher, distributor, etc. | Clarendon Press, |
| Date of publication, distribution, etc. | 1964. |
| 300 ## - PHYSICAL DESCRIPTION | |
| Pagination | xxii, 445 p. : |
| Illustrations | ill., maps ; |
| Size | 23 cm. |
| 650 ## - SUBJECT ADDED ENTRY--TOPICAL TERM | |
| Topical term or geographic name as entry element | Politics and government. |
| Geographic subdivision | Africa, French-speaking West |
| 9 (RLIN) | 130410 |
| 651 #0 - SUBJECT ADDED ENTRY--GEOGRAPHIC NAME | |
| Geographic name | Political parties |
| Geographic subdivision | Africa, French-speaking West. |
| 9 (RLIN) | 130411 |
| 942 ## - ADDED ENTRY ELEMENTS (KOHA) | |
| Source of classification or shelving scheme | Dewey Decimal Classification |
| Koha item type | Books |
| Lost status | Source of classification or shelving scheme | Damaged status | Not for loan | Collection code | Permanent Location | Current Location | Shelving location | Date acquired | Source of acquisition | Cost, normal purchase price | Total Checkouts | Full call number | Date last seen | Copy number | Koha item type |
|---|---|---|---|---|---|---|---|---|---|---|---|---|---|---|---|
| Dewey Decimal Classification | Non-fiction | Central Library, University of Rajshahi | Central Library, University of Rajshahi | 27/06/1970 | Zeithinger | 63.00 | 320.966 MOP 1964 | 12/06/2016 | C-2 | Books |